Haiti and the historical construction of disasters /
שמור ב:
| מחבר ראשי: | |
|---|---|
| פורמט: | Texto |
| תגים: |
הוספת תג
אין תגיות, היה/י הראשונ/ה לתייג את הרשומה!
|
MARC
| LEADER | 00000 a a2200000 04500 | ||
|---|---|---|---|
| 001 | 45865 | ||
| 003 | |||
| 040 | |||
| 100 | |a Oliver-Smith, Anthony | ||
| 245 | |a Haiti and the historical construction of disasters / |c Anthony Oliver-Smith | ||
| 773 | |g volumen43, número4 ( , 2010), páginas 32-36 | ||
| 999 | |c 32529 |d 32529 | ||
